000 00488nam a2200181Ia 4500
005 20250326125737.0
008 250326s9999 xx 000 0 und d
037 _aTextbook
040 _aFMSL
_beng
_cFMSL
041 _aeng
_2eng
084 _aX:9 K3
_qFMSL
100 _aMAZUMDAR
_9205384
245 0 _aIntroduction to social anthrapology
_cMazumdar; Madan
260 _aBombay
_bBombay, Asia
_c1963
300 _a304p
942 _cTB
_hX:9 K3
999 _c1279371
_d1279371